000 01306nam a22003617a 4500
003 CHAP
005 20220817042405.0
008 971013s1963 r 00010 d
010 _a43225
011 _a44197
035 _a48335
040 _cCHAP
082 _a338.9
_bM51
110 _aMéxico. Secretaría de la Presidencia
_977192
245 _aPrograma de desarrollo integral de los estados de Chiapas y Tabasco, y de la zona istmica de Veracruz y Oaxaca, 1964-1970
260 _aMéxico, D.F. :
_bLa Secretaría,
_c1963
300 _a422 h
590 _aBATCH-UPD
_b10
_c20130110
_lUCH01
_h1730
590 _aBATCH-UPD
_b10
_c20130410
_lUCH01
_h1111
590 _aBATCH-UPD
_b10
_c20130914
_lUCH01
_h1847
590 _aCONVERSION
_b10
_c20130109
_lUCH01
_h1324
650 1 4 _aChiapas
_xPolítica y gobierno.
_922238
650 1 4 _aOaxaca
_xPolítica y gobierno.
_982487
650 1 4 _aPolítica económica
_xChiapas.
_990497
650 1 4 _aPolítica económica
_xOaxaca.
_990517
650 1 4 _aPolítica económica
_xTabasco.
650 1 4 _aPolítica económica
_xVeracruz.
_990529
650 1 4 _aTabasco
_xPolítica y gobierno.
_9111283
650 1 4 _aVeracruz
_xPolítica y gobierno.
_9118818
901 _aBK
942 _cLIBRO
949 _a338.9 M51
_bBC
_cLIBRO
_d33724000423364
_eLIBRO
_h73624
_i48335
_mD
_si
999 _c43225
_d43225